Statistiques concernant Grandes Dates Historiques (P.4)

Cliquez ici pour prendre le quiz!

Statistiques générales

  • Ce quiz a été pris 849 fois
  • Le résultat moyen est 7 sur 15

Statistiques - réponses

ÉvénementDate% Correct
Fin de l'URSS1991
97%
Christophe Colomb découvre l'Amérique1492
88%
Début 1e Guerre Mondiale1914
86%
Assassinat de J.F. Kennedy1963
73%
Premier Homme dans l'espace (Gagarine)1961
68%
Conférence de Yalta1945
56%
Chute de Constantinople, fin de l'Empire Romain d'Orient1453
45%
Loi de Jules Ferry sur l'enseignement obligatoire et laïque1882
38%
Mandela devient président de l'Afrique du Sud1994
37%
Premiers Jeux Olympiques modernes1896
36%
Pasteur invente le vaccin contre la rage1885
35%
Massacre de la Saint-Barthélémy1572
32%
Unification de l'Allemagne1871
27%
Achat de la Corse par la France1768
20%
Saladin reprend Jérusalem1187
7%

Distribution des résultats

Percentile par nombre de réponses

% des personnes avec chaque résultat

Votre développement - résultats

Vous n’avez pas pris ce quiz